Kjótsky protokol a dôsledky na obchodovanie s emisiami v spoločnosti TEKO, a.s. diplomová práca

Enregistré dans:
Détails bibliographiques
Auteur principal: Kohaniová, Lucia
Collectivité auteur: Podnikovohospodárska fakulta EU so sídlom v Košiciach. Katedra marketingu a obchodu
Autres auteurs: Urblíková, Daniela
Format: Livre
Langue:slovaque
Publié: Košice 2008
Tags: Ajouter un tag
Pas de tags, Soyez le premier à ajouter un tag!

MARC

LEADER 00000nam$a2200000$$$4500
001 0079952
005 20240201115357.1
041 0 |a slo 
044 |a SK 
245 1 0 |a Kjótsky protokol a dôsledky na obchodovanie s emisiami v spoločnosti TEKO, a.s.  |b diplomová práca  |c Lucia Kohaniová ; škol. Daniela Urblíková 
264 1 |a Košice  |c 2008 
300 |a 74 s. 
100 1 |a Kohaniová, Lucia 
700 1 |a Urblíková, Daniela 
710 2 |a Podnikovohospodárska fakulta EU so sídlom v Košiciach. Katedra marketingu a obchodu